000 00904nmc a2200349 a 4500
003 AR-BaBNM
005 20251128211546.0
008 244120s1994 ||||||||||||||000 | spa||
020 _a950-503-244-7
040 _cAR-BaBNM
100 1 _aMuñíz, Francisco Javier
245 1 0 _aPáginas científicas y literarias
260 _aBuenos Aires
_bMarymar
_c1994
300 _a250 p.
490 0 _aIdentidad nacional
_vv. 81
600 1 4 _aDarwin, Charles
600 1 4 _aAmeghino, Florentino
600 1 4 _aMitre, Bartolomé
650 4 _aLITERATURA ARGENTINA
650 4 _aPALEONTOLOGIA
650 4 _aFOSILES
650 4 _aBIOLOGIA
650 4 _aHISTORIA NATURAL
650 4 _aCIENCIA
650 4 _aHISTORIA DE LAS CIENCIAS
650 4 _aLINGUISTICA
650 4 _aANTOLOGIAS
655 _aLITERATURA
700 1 _aWeinberg, Gregorio
_eprologuista
942 _cBK
998 _cmartin
999 _c20181
_d20181